Davos v novom globálnom kontexte

Zasadnutie Svetového hospodárskeho fóra v januári v Davose. Nový globálny kontext ako nosná téma Svetového fóra. Problém bohatstva a chudoby, prehlbovanie príjmovej nerovnosti. Konflikt na Ukrajine.

Salvato in:
Dettagli Bibliografici
Autore principale: Pressburg, Adrian Peter
Natura: Capitolo di libro
Lingua:slovacco
Soggetti:
Tags: Aggiungi Tag
Nessun Tag, puoi essere il primo ad aggiungerne!!

MARC

LEADER 00000naa a2200000 4500
001 0197800
005 20231113102644.3
041 0 |a slo 
044 |a SK 
245 1 0 |a Davos v novom globálnom kontexte  |c Adrian Peter Pressburg 
520 |a Zasadnutie Svetového hospodárskeho fóra v januári v Davose. Nový globálny kontext ako nosná téma Svetového fóra. Problém bohatstva a chudoby, prehlbovanie príjmovej nerovnosti. Konflikt na Ukrajine. 
610 2 0 |a globalizácia 
610 2 0 |a rozvoj hospodársky 
610 2 0 |a politika 
610 2 0 |a podnikanie 
610 2 0 |a chudoba 
610 2 0 |a bohatstvo 
610 2 0 |a konflikty 
100 1 |a Pressburg, Adrian Peter